00389cam a2200157ua 45000010005000000080039000050400009000440410012000530820017000651000016000822450032000982600036001303000016001666530023001827000026002053040161107n1985 II |||gr||||Z||||||eng aMAIN aEnglish a711.5 54 NEG aNEGI, B. S. aREGIONAL GEOGRAPHY OF INDIA aMEERUTbKEDARNATH RAMNATHc1985 a649:c24CM. aRegional Geography aNEGI, B. S.,eAUTHOR.